02460    a2200229   450000500170000000800410001702000240005802000240008204000600010604100080016624000240017424501170019824600650031526000330038030000500041350516020046365000140206565000550207965000310213465300360216570000290220120260313113259.0190917s2015    xxu||||| |||| 00| 0 eng d  a9781423423652 (V.1)  a9780881885453 (V.1)  aCO-BoUCMbspacSandra Palacio (modificó)dSaul Niño0 aeng10aPiano accompaniment04aThe singer's musical theatre anthologybMezzo-soprano/belter. Volumen 1cCompilado y editado por Richard Walters  aThe singer's musical theatre anthologybMezzo soprano belter  aMilwaukeebHal Leonardc2015  a1 partitura (voluménes) eCD-Rom y Folletos  aA continuación se listan los musicales (en letra mayúscula sostenida) con sus respectivas canciones (en letra minúscula):
ANNIE GET YOUR GUN	I Got the Sun in the Morning
ANNIE GET YOUR GUN	Doin’ What Comes Natur’lly
ANYONE CAN WHISTLE	Anyone Can Whistle
BABES IN ARMS	The Lady Is a Tramp
CABARET	Don’t Tell Mama
CABARET	What Would You Do?
CABARET	Cabaret
CALL ME MADAM	The Hostess with the Mostes’ on the Ball
CATS	Memory
CHICAGO	Funny Honey
A CHORUS LINE	Dance: Ten; Looks: Three
CINDERELLA	Stepsisters’ Lament
EVITA	Don’t Cry for Me Argentina
FINIAN’S RAINBOW	How Are Things in Glocca Morra?
FINIAN’S RAINBOW	Look to the Rainbow
FLOWER DRUM SONG	I Enjoy Being a Girl
FOLLIES	Broadway Baby
FOLLIES	Could I Leave You
FOLLIES	In Buddy’s Eyes
FOLLIES	Losing My Mind
GENTLEMEN PREFER BLONDES	Diamonds Are a Girl’s Best Friend
GENTLEMEN PREFER BLONDES	Ain’t There Anyone Here for Love?
GODSPELL	Turn Back, O Man
GUYS AND DOLLS	Take Back Your Mink
GYPSY	Some People
HOW TO SUCCEED IN BUSINESS WITHOUT REALLY TRYING	Happy to Keep His Dinner Warm
KISS ME, KATE	Always True to You in My Fashion
KISS ME, KATE	Why Can’t You Behave?
A LITTLE NIGHT MUSIC	The Miller’s Son
A LITTLE NIGHT MUSIC	Send in the Clowns
OKLAHOMA!	I Cain’t Say No
ON A CLEAR DAY YOU CAN SEE FOREVER	He Wasn’t You
ON A CLEAR DAY YOU CAN SEE FOREVER	What Did I Have That I Don’t Have?
SOUTH PACIFIC	A Cockeyed Optimist
SOUTH PACIFIC	I’m in Love with a Wonderful Guy
SWEENEY TODD	By the Sea
SWEENEY TODD	The Worst Pies in London
TWO BY TWO	An Old Man
THE UNSINKABLE MOLLY BROWN	I Ain’t Down Yet
 0aMusicales 0aMusicalesvExtractosvPartituras vocales con piano 7aMúsicavDiscos compactos  aCanciones (voz media) con piano10aWalters, Richardeeditor